Представление документа в формате MARC21

Поле Инд. ПП Название Значение
Тип записи a
Библиографический уровень m
001 Контрольный номер 4085c686-bd80-4e54-8ed5-5501d5d13d44
005 Дата корректировки 20211027100427.2
008 Кодируемые данные 020226
040 a Служба первич. каталог. НБ ТвГУ
041 0_ a Код языка текста rus
080 a Индекс УДК 882.09
a Индекс УДК 929Грибоедов
084 a Индекс другой классификации/Индекс ББК Ш5(2=411.2)51-4Грибоедов А.С.
090 x Авторский знак О-66
a Полочн. индекс 8Р1
100 1_ a Автор Орлов Владимир Николаевич
e Роль лиц Автор
245 00 a Заглавие Грибоедов
c Ответственность В. Н. Орлов
260 0_ a Место издания Ленинград
c Дата издания 1967
b Издательство Просвещение
300 a Объем 112, [1] с.
b Иллюстрации/ тип воспроизводства портр.
440 _0 a Серия Библиотека словесника
653 0_ a Ключевые слова Грибоедов Александр Сергеевич
a Ключевые слова Персоналии
a Ключевые слова Писатели
a Ключевые слова Литература
a Ключевые слова Литературоведение
a Ключевые слова Русская литература 19 в.
a Ключевые слова 19 в.
a Ключевые слова Русские писатели
852 41 i Расстановочный признак Проверка 2021
901 t Тип документа m
920 a Оператор Рунт
a Оператор Хохл
a Оператор Лиси
930 a Новая/Ретро Перешифровка
952 c Вид литературы К рн
954 a Дата поступления на обработку 20020227
e Дата перешифровки 20210622
954 a Дата поступления на обработку 20211027